[Event "Flims op"]
[Site "Flims"]
[Date "2023.07.11"]
[Round "4"]
[White "Borsos, Bogdan"]
[Black "Ziegler, Philipp"]
[Result "1-0"]
[WhiteElo "2121"]
[BlackElo "2171"]
[PlyCount "90"]
[EventDate "2023.07.09"]
[EventType "swiss"]
[EventRounds "5"]
[EventCountry "SUI"]
[SourceTitle "EXT 2024"]
[Source "ChessBase"]
[SourceDate "2023.10.10"]
[SourceVersion "1"]
[SourceVersionDate "2023.10.10"]
[SourceQuality "1"]

1. e4 c5 2. Nf3 Nc6 3. c3 Nf6 4. e5 Nd5 5. Bc4 e6 6. 0-0 Nb6 7. Bb3 d6 8. exd6 Qxd6 9. d4 cxd4 10. cxd4 Be7 11. Nc3 a6 12. a3 Nd5 13. Ne4 Qd8 14. Bc2 Nf6 15. Re1 Nxe4 16. Bxe4 0-0 17. Qc2 g6 18. Bh6 Nxd4 19. Nxd4 Qxd4 20. Rad1 Qb6 21. Qc3 e5 22. Bxf8 Bxf8 23. Qxe5 Be6 24. Qd4 Bc5 25. Qf6 Bf8 26. Rd2 Bh6 27. Rc2 Rd8 28. Bxb7 Rd6 29. Qe7 Rd7 30. Qe8+ Kg7 31. Bf3 Bg5 32. Rxe6 Qxe6 33. Qxe6 fxe6 34. g3 a5 35. b4 axb4 36. axb4 Rd6 37. b5 Bd8 38. Ra2 Bb6 39. Bc6 Kf6 40. Kg2 e5 41. h4 h5 42. Ra6 Bc5 43. Be4 Rb6 44. Bc6 g5 45. hxg5+ Kxg5 1-0

[Event "Flims op"]
[Site "Flims"]
[Date "2023.07.10"]
[Round "3"]
[White "Rappazzo, Johannes"]
[Black "Ziegler, Philipp"]
[Result "1/2-1/2"]
[WhiteElo "2060"]
[BlackElo "2171"]
[PlyCount "80"]
[EventDate "2023.07.09"]
[EventType "swiss"]
[EventRounds "5"]
[EventCountry "SUI"]
[SourceTitle "EXT 2024"]
[Source "ChessBase"]
[SourceDate "2023.10.10"]
[SourceVersion "1"]
[SourceVersionDate "2023.10.10"]
[SourceQuality "1"]

1. e4 c5 2. Nf3 Nc6 3. d4 cxd4 4. Nxd4 Nf6 5. Nc3 e5 6. Ndb5 d6 7. Bg5 a6 8. Na3 b5 9. Nd5 Be7 10. Bxf6 Bxf6 11. c3 0-0 12. Nc2 Bg5 13. a4 bxa4 14. Rxa4 a5 15. Bc4 Rb8 16. b3 Kh8 17. Nce3 g6 18. h4 Bxe3 19. Nxe3 h6 20. Ra2 Ne7 21. g4 Be6 22. Rd2 Rb6 23. Bxe6 fxe6 24. Nc4 Rf4 25. Nxb6 Qxb6 26. 0-0 d5 27. exd5 exd5 28. Qe2 Qf6 29. f3 h5 30. g5 Qf5 31. Qd3 Qh3 32. Rh2 Rg4+ 33. Kh1 Qg3 34. Qe2 Rxh4 35. Qg2 Nf5 36. Rg1 Rxh2+ 37. Qxh2 Qxf3+ 38. Qg2 Qxc3 39. Rd1 Ne3 40. Qf3 Nxd1 1/2-1/2

[Event "Flims op"]
[Site "Flims"]
[Date "2023.07.09"]
[Round "1"]
[White "Bestehorn, Markus Daniel"]
[Black "Ziegler, Philipp"]
[Result "0-1"]
[WhiteElo "1616"]
[BlackElo "2171"]
[PlyCount "55"]
[EventDate "2023.07.09"]
[EventType "swiss"]
[EventRounds "5"]
[EventCountry "SUI"]
[SourceTitle "EXT 2024"]
[Source "ChessBase"]
[SourceDate "2023.10.10"]
[SourceVersion "1"]
[SourceVersionDate "2023.10.10"]
[SourceQuality "1"]

1. d4 Nf6 2. Bf4 g6 3. e3 Bg7 4. Nd2 d5 5. h3 0-0 6. Ngf3 c5 7. c3 Nc6 8. Bd3 Nd7 9. 0-0 e5 10. dxe5 Ndxe5 11. Nxe5 Nxe5 12. Bc2 d4 13. exd4 cxd4 14. Bxe5 Bxe5 15. Nb3 Bg7 16. Nxd4 Qb6 17. Nb3 a5 18. Rb1 Be6 19. Qf3 a4 20. Nc1 Rfd8 21. a3 Rd2 22. Nd3 Rxc2 23. Qd1 Bb3 24. Qe1 Rd8 25. Nb4 Rdd2 26. Qe4 Bf8 27. h4 Bxb4 28. cxb4 0-1